000 00956nam a22003137a 4500
005 20160125081351.0
006
008 141107s2011 nyua o 001 0 eng d
020 _a9780071639194 (alk. paper)
020 _a0071639195 (alk. paper)
020 _a9780071639200
020 _a0071639209
041 0 _aeng
080 _a004
100 1 _aWhalen, Edward.
245 1 0 _aOracle VM implementation and administration guide
_cEdward Whalen ; technical editors, John Margaglione, Gary Parker.
256 _aComputer document.
260 _aNew York :
_bMcGraw-Hill,
_c2011
300 _a420 f.:
_bme il.;
_c23 cm,
505 _aIndex: f. 339 - 420
630 0 0 _aOracle (Computer file)
650 0 _aKompjuterat
650 0 _aIntelegjenca artificiale
655 7 _aElectronic books.
655 0 _aElectronic books.
700 1 _aMargaglione, John.
_4edt
700 1 _aParker, Gary.
_4edt
942 _2udc
_cBK
999 _c557
_d557